000 00549nam a2200181Ia 4500
005 20250508150240.0
008 008 250505s9999 xx 000 0 eng d
037 _aTextual
040 _aFEDL
_beng
_cFEDL
041 _aeng
_2eng
084 _a377.7, JON
_qFEDL
100 _aJones M G
_9412018
245 0 _aCharity school movement: A study of eighteenth century puritanism in action
260 _aCambridge
_bCambridge University Press
_c1938
300 _axiii,446p.
942 _cTEXL
_h377.7, JON
999 _c1322633
_d1322633